| Tag |
First Indicator |
Second Indicator |
Subfields |
| LEADER |
00000cam a2200000 a 4500 |
| 001 |
in00005779922 |
| 005 |
20260428152649.3 |
| 008 |
970818s1998 nyu 000 1 eng |
| 010 |
|
|
|a 97031360
|
| 040 |
|
|
|a DLC
|b eng
|c DLC
|d FIT
|d BAKER
|d BTCTA
|d YDXCP
|d SXC
|d OCLCF
|d OCLCQ
|d OCLCO
|d CHY
|d SFR
|d OCLCQ
|d JDP
|d OCLCO
|d OCL
|d OCLCA
|d CSO
|d AZN
|d OCLCO
|d OCLCL
|d OCLCQ
|d IG#
|d OCLCL
|
| 020 |
|
|
|a 0312858019
|q (acid-free paper)
|
| 020 |
|
|
|a 9780312858018
|q (acid-free paper)
|
| 020 |
|
|
|a 0312864744
|
| 020 |
|
|
|a 9780312864743
|
| 035 |
|
|
|a (OCoLC)37513050
|
| 050 |
0 |
0 |
|a PS3572.A424
|b P67 1998
|
| 082 |
0 |
0 |
|a 813/.54
|2 21
|1 https://id.oclc.org/worldcat/ddc/E3BpYCcY96rbttBDyJW94FJBKr
|
| 100 |
1 |
|
|a Vance, Jack,
|d 1916-2013.
|1 https://id.oclc.org/worldcat/entity/E39PBJm9bhV8FbVRkFXydDmw4q
|
| 245 |
1 |
0 |
|a Ports of call /
|c Jack Vance.
|
| 250 |
|
|
|a 1st ed.
|
| 260 |
|
|
|a New York :
|b Tor,
|c 1998.
|
| 300 |
|
|
|a 300 pages ;
|c 22 cm
|
| 336 |
|
|
|a text
|b txt
|2 rdacontent
|
| 337 |
|
|
|a unmediated
|b n
|2 rdamedia
|
| 338 |
|
|
|a volume
|b nc
|2 rdacarrier
|
| 500 |
|
|
|a "A Tom Doherty Associates book."
|
| 520 |
|
|
|a The adventures of an interplanetary con man. He is Myron Tany, a young sailor on a tramp cargo vessel. He journeys from one exotic world to another, turning a buck and breaking hearts. By the author of Night Lamp.
|
| 650 |
|
0 |
|a Interplanetary voyages
|v Fiction.
|
| 650 |
|
6 |
|a Voyages interplanétaires
|v Romans, nouvelles, etc.
|
| 650 |
|
7 |
|a Interplanetary voyages.
|2 fast
|0 (OCoLC)fst00977455
|
| 655 |
|
2 |
|a Fictional Work
|
| 655 |
0 |
4 |
|a Science fiction.
|
| 655 |
|
7 |
|a Science fiction.
|2 fast
|0 (OCoLC)fst01726489
|
| 655 |
|
7 |
|a Action and adventure fiction.
|2 fast
|0 (OCoLC)fst01921574
|
| 655 |
|
7 |
|a Fiction.
|2 fast
|0 (OCoLC)fst01423787
|
| 655 |
|
7 |
|a Adventure stories.
|2 gsafd
|
| 655 |
|
7 |
|a Science fiction.
|2 gsafd
|
| 655 |
|
7 |
|a Science fiction.
|2 lcgft
|
| 655 |
|
7 |
|a Action and adventure fiction.
|2 lcgft
|
| 655 |
|
7 |
|a Fiction.
|2 lcgft
|
| 655 |
|
7 |
|a Romans.
|2 rvmgf
|
| 938 |
|
|
|a Ingram Library Services
|b INGR
|n in007857227
|
| 938 |
|
|
|a Baker & Taylor
|b BKTY
|c 24.95
|d 18.71
|i 0312858019
|n 0003061802
|s active
|
| 938 |
|
|
|a Baker and Taylor
|b BTCP
|n 97031360 //r98
|
| 938 |
|
|
|a YBP Library Services
|b YANK
|n 1432065
|
| 029 |
1 |
|
|a AU@
|b 000013395809
|
| 029 |
1 |
|
|a NZ1
|b 4883981
|
| 029 |
1 |
|
|a YDXCP
|b 1432065
|
| 994 |
|
|
|a Z0
|b TXA
|
| 948 |
|
|
|h HELD BY TXA - 259 OTHER HOLDINGS
|
| 999 |
f |
f |
|i f13a6d3d-bcba-47ab-ae23-3ae60c0da47c
|s aa80ede8-ab5f-4cb5-bdea-889d97154bd2
|t 0
|
| 952 |
f |
f |
|p noncirc
|a Texas A&M University
|b College Station
|c Cushing Memorial Library & Archives
|s cush scif
|d Cushing: Science Fiction (Does not check out)
|t 0
|e PS3572.A424 P67 1998
|h Library of Congress classification
|i unmediated -- volume
|m A1485343585D
|
| 998 |
f |
f |
|a PS3572.A424 P67 1998
|t 0
|l Cushing: Science Fiction (Does not check out)
|